Principios de administración
Uloženo v:
| Hlavní autor: | |
|---|---|
| Médium: | Kniha |
| Jazyk: | španělština |
| Vydáno: |
Ciudad de México
Continental
1971
|
| Témata: | |
| Tagy: |
Přidat tag
Žádné tagy, Buďte první, kdo vytvoří štítek k tomuto záznamu!
|
MARC
| LEADER | 00000nam a2200000 a 4500 | ||
|---|---|---|---|
| 001 | UCU6685 | ||
| 003 | CL-VaPUC | ||
| 008 | 960621e19710000MX |||||||||||||||||spa|d | ||
| 082 | 0 | 4 | |a 658 |b TER |2 21 |
| 100 | 0 | |a Terry, George R |e author |9 365005 | |
| 245 | 1 | 0 | |a Principios de administración |
| 300 | |a 879 p | ||
| 942 | |c BK | ||
| 945 | |d 19960621 00:00:00 |a paguirre | ||
| 260 | |a Ciudad de México |b Continental |c 1971 | ||
| 650 | 0 | |a Administración de empresas |9 260833 | |
| 650 | 0 | |a Gestión industrial |9 263790 | |
| 650 | 0 | |a Administración del personal |9 260442 | |
| 650 | 0 | |a Administración financiera |9 261146 | |
| 650 | 0 | |a Comercialización |9 259326 | |
| 650 | 0 | |a Toma de decisiones |9 257530 | |
| 650 | 7 | |a PLANIFICACION |2 CL-VaPUC |9 260802 | |
| 583 | |a last modification |c 19960621 00:00:00 |k Rodrigo Vera | ||
| 999 | |c 249515 |d 249513 | ||
| 952 | |0 0 |1 0 |4 0 |6 658_000000000000000_TER_1971 |7 0 |8 A |9 266797 |a BIBGIM |b BIBGIM |d 2019-11-19 |i 1404555 |o 658 TER 1971 |p 1404555 |r 2025-01-15 |w 2019-11-19 |y BK |k SSL | ||